| Tag |
First Indicator |
Second Indicator |
Subfields |
| LEADER |
00000cam a2200000 4500 |
| 001 |
in00000051170 |
| 005 |
20151007065907.0 |
| 008 |
750604s1965 enk bf 00000 eng u |
| 010 |
|
|
|a 65025337
|
| 035 |
|
|
|a (OCoLC)01373724
|
| 035 |
|
|
|9 AAE2915AM
|
| 040 |
|
|
|c YNG
|d TXA
|d UtOrBLW
|
| 049 |
|
|
|a TXAM
|c 2 [425480]
|
| 050 |
|
0 |
|a QC367
|b .A33 1965
|
| 092 |
|
|
|a 535.024655
|b A214o, 1965
|
| 100 |
1 |
|
|a Adams, J. M.
|q (John Michael),
|d 1929-
|
| 245 |
1 |
0 |
|a Optical measurements in the printing industry /
|c [by] J. M. Adams.
|
| 250 |
|
|
|a [1st ed.].
|
| 264 |
|
1 |
|a Oxford,
|a New York :
|b Pergamon Press,
|c [1965]
|
| 300 |
|
|
|a vii, 167 pages :
|b illustrations ;
|c 20 cm.
|
| 336 |
|
|
|a text
|b txt
|2 rdacontent
|
| 337 |
|
|
|a unmediated
|b n
|2 rdamedia
|
| 338 |
|
|
|a volume
|b nc
|2 rdacarrier
|
| 490 |
0 |
|
|a The Commonwealth and international library. Printing science and technology division
|
| 504 |
|
|
|a Includes bibliographies.
|
| 650 |
|
0 |
|a Optical measurements.
|
| 650 |
|
0 |
|a Printing
|v Handbooks, manuals, etc.
|
| 999 |
|
|
|a MARS
|
| 999 |
f |
f |
|s aa46a402-1a09-3d98-8f70-a037bb32dee0
|i 43a4b625-6da7-32b6-998a-f28f4a12fcbf
|t 0
|
| 952 |
f |
f |
|p ric
|a Texas A&M University
|b Rellis Campus
|c Joint Library Facility
|d Remote Storage
|t 0
|e QC367 .A33 1965
|h Library of Congress classification
|i unmediated -- volume
|m A14800916931
|
| 998 |
f |
f |
|a QC367 .A33 1965
|t 0
|l Remote Storage
|